00579nam a22001694a 450000500170000000800410001701000170005802000230007503500170009804000180011508200100013310000180014324501380016126000430029927000460034230000210038820080729164931.0080416s2008 waua 001 0 eng  aB-278527-552 a8179925765c175.00 aB-278527-552 aDPLbEnglish  a158.1 aSharma, Robin aThe greatness guide:cby Robin Sharma bone of the world's top success coaches shares his secrets for personal and business mastery / aMumbai bJaico Publishing House c2008 a121 Mahatma Gandhi Road, bMumbaie400001 a221c22cm (pbk)